000
00327nam a2200121Ia 4500
008
180117s9999 xx 000 0 und d
100
_a
by Zac Sarian
245
_a
Agri-Talk
260
_c
2017
300
_a
25 pages, 2017 September 3
440
_a
Philippine Panorama
650
_a
DAMAGED NARRA WORTH A FORTUNE IN EARLY 1900S
999
_c
353534
_d
353534